<?xml version="1.0" encoding="UTF-8"?>
<record
    xmlns:xsi="http://www.w3.org/2001/XMLSchema-instance"
    xsi:schemaLocation="http://www.loc.gov/MARC21/slim http://www.loc.gov/standards/marcxml/schema/MARC21slim.xsd"
    xmlns="http://www.loc.gov/MARC21/slim">

  <leader>00410nam a2200145Ia 4500</leader>
  <controlfield tag="008">220501s2021    xx            000 0 eng d</controlfield>
  <datafield tag="020" ind1=" " ind2=" ">
    <subfield code="a">9789390168408</subfield>
  </datafield>
  <datafield tag="082" ind1=" " ind2=" ">
    <subfield code="a">658.4012 UPP-H</subfield>
  </datafield>
  <datafield tag="100" ind1=" " ind2=" ">
    <subfield code="a">Uppal, Nishant</subfield>
  </datafield>
  <datafield tag="245" ind1=" " ind2="0">
    <subfield code="a">Human Resource Analytics: strategic decision making</subfield>
    <subfield code="c">Nishant Uppal</subfield>
  </datafield>
  <datafield tag="260" ind1=" " ind2=" ">
    <subfield code="b">Pearson</subfield>
    <subfield code="c">2021</subfield>
  </datafield>
  <datafield tag="300" ind1=" " ind2=" ">
    <subfield code="a">xiv, 348p.</subfield>
  </datafield>
  <datafield tag="650" ind1=" " ind2=" ">
    <subfield code="a">Human Resource - Analytics</subfield>
  </datafield>
  <datafield tag="942" ind1=" " ind2=" ">
    <subfield code="2">ddc</subfield>
    <subfield code="c">BK</subfield>
    <subfield code="0">4</subfield>
  </datafield>
  <datafield tag="999" ind1=" " ind2=" ">
    <subfield code="c">18284</subfield>
    <subfield code="d">18284</subfield>
  </datafield>
  <datafield tag="952" ind1=" " ind2=" ">
    <subfield code="0">0</subfield>
    <subfield code="1">0</subfield>
    <subfield code="2">ddc</subfield>
    <subfield code="4">0</subfield>
    <subfield code="7">0</subfield>
    <subfield code="a">SOBD</subfield>
    <subfield code="b">SOBD</subfield>
    <subfield code="d">2021-05-05</subfield>
    <subfield code="e">Vedi Books</subfield>
    <subfield code="o">658.4012 UPP-H1</subfield>
    <subfield code="p">000731</subfield>
    <subfield code="r">2022-07-01</subfield>
    <subfield code="t">1</subfield>
    <subfield code="w">2021-03-27</subfield>
    <subfield code="y">REF</subfield>
    <subfield code="k">VEDI/20-21/03/64</subfield>
  </datafield>
  <datafield tag="952" ind1=" " ind2=" ">
    <subfield code="0">0</subfield>
    <subfield code="1">0</subfield>
    <subfield code="2">ddc</subfield>
    <subfield code="4">0</subfield>
    <subfield code="7">0</subfield>
    <subfield code="a">SOBD</subfield>
    <subfield code="b">SOBD</subfield>
    <subfield code="d">2021-05-05</subfield>
    <subfield code="e">Vedi Books</subfield>
    <subfield code="o">658.4012 UPP-H2</subfield>
    <subfield code="p">000732</subfield>
    <subfield code="r">2022-07-01</subfield>
    <subfield code="t">2</subfield>
    <subfield code="w">2021-03-27</subfield>
    <subfield code="y">BK</subfield>
    <subfield code="k">VEDI/20-21/03/64</subfield>
  </datafield>
  <datafield tag="952" ind1=" " ind2=" ">
    <subfield code="0">0</subfield>
    <subfield code="1">0</subfield>
    <subfield code="2">ddc</subfield>
    <subfield code="4">0</subfield>
    <subfield code="7">0</subfield>
    <subfield code="a">SOBD</subfield>
    <subfield code="b">SOBD</subfield>
    <subfield code="d">2021-05-05</subfield>
    <subfield code="e">Vedi Books</subfield>
    <subfield code="l">1</subfield>
    <subfield code="m">1</subfield>
    <subfield code="o">658.4012 UPP-H3</subfield>
    <subfield code="p">000733</subfield>
    <subfield code="r">2023-12-05</subfield>
    <subfield code="s">2023-10-28</subfield>
    <subfield code="t">3</subfield>
    <subfield code="w">2021-03-27</subfield>
    <subfield code="y">BK</subfield>
    <subfield code="k">VEDI/20-21/03/64</subfield>
  </datafield>
  <datafield tag="952" ind1=" " ind2=" ">
    <subfield code="0">0</subfield>
    <subfield code="1">0</subfield>
    <subfield code="2">ddc</subfield>
    <subfield code="4">0</subfield>
    <subfield code="7">0</subfield>
    <subfield code="a">SOBD</subfield>
    <subfield code="b">SOBD</subfield>
    <subfield code="d">2021-05-05</subfield>
    <subfield code="e">Vedi Books</subfield>
    <subfield code="o">658.4012 UPP-H4</subfield>
    <subfield code="p">000734</subfield>
    <subfield code="r">2022-07-01</subfield>
    <subfield code="t">4</subfield>
    <subfield code="w">2021-03-27</subfield>
    <subfield code="y">BK</subfield>
    <subfield code="k">VEDI/20-21/03/64</subfield>
  </datafield>
  <datafield tag="952" ind1=" " ind2=" ">
    <subfield code="0">0</subfield>
    <subfield code="1">0</subfield>
    <subfield code="2">ddc</subfield>
    <subfield code="4">0</subfield>
    <subfield code="7">0</subfield>
    <subfield code="a">SOBD</subfield>
    <subfield code="b">SOBD</subfield>
    <subfield code="d">2021-05-05</subfield>
    <subfield code="e">Vedi Books</subfield>
    <subfield code="l">3</subfield>
    <subfield code="m">5</subfield>
    <subfield code="o">658.4012 UPP-H5</subfield>
    <subfield code="p">000735</subfield>
    <subfield code="r">2023-11-24</subfield>
    <subfield code="s">2023-10-28</subfield>
    <subfield code="t">5</subfield>
    <subfield code="w">2021-03-27</subfield>
    <subfield code="y">BK</subfield>
    <subfield code="k">VEDI/20-21/03/64</subfield>
  </datafield>
</record>
